Guidelines for preparing proposals

The book discusses such essential topics as the elements of a proposal, getting ready to write the proposal, using a computer to make your task easier, and preparing a proposal as a team. The book also addresses how to prepare proposals for specific purposes, such as government or foundation grants,...

Cur síos iomlán

Đã lưu trong:
Sonraí Bibleagrafaíochta
Príomhúdar: Roy Meador
Formáid: Leabhar
Teanga:Undetermined
Foilsithe: Chelsea, Michigan Lewis 1991
Ábhair:
Clibeanna: Cuir Clib Leis
Gan Chlibeanna, Bí ar an gcéad duine leis an taifead seo a chlibeáil!
Thư viện lưu trữ: Trung tâm Học liệu Trường Đại học Cần Thơ
LEADER 00949nam a2200193Ia 4500
001 CTU_19189
008 210402s9999 xx 000 0 und d
082 |a 658.15224 
082 |b M428 
100 |a Roy Meador 
245 0 |a Guidelines for preparing proposals 
245 0 |c Roy Meador 
260 |a Chelsea, Michigan 
260 |b Lewis 
260 |c 1991 
520 |a The book discusses such essential topics as the elements of a proposal, getting ready to write the proposal, using a computer to make your task easier, and preparing a proposal as a team. The book also addresses how to prepare proposals for specific purposes, such as government or foundation grants, venture capital, and intracompany deals. The book will be invaluable to anyone seeking to tap into available grants 
650 |a proposal writing in business,proposal writing in research 
904 |i Minh, 971013 
980 |a Trung tâm Học liệu Trường Đại học Cần Thơ